| 000 | 00000nas##2200000za#4500 |
| 001 | 9.503281 |
| 003 | CaOODSP |
| 005 | 20200325092834 |
| 007 | cr ||||||||||| |
| 008 | 150406c2000||||xxc|| p o||||f| |0fre|d |
| 022 | |a1497-7516 |
| 040 | |aCaOODSP|bfre |
| 043 | |an-cn--- |
| 086 | 1 |aEn81-17F-PDF |
| 110 | 1 |aCanada. |bEnvironnement Canada. |
| 245 | 10|aGuide supplémentaire de déclaration à l'Inventaire national des rejets de polluants, autres seuils |h[ressource électronique] |
| 260 | |aHull - Québec : |bEnvironnement Canada |
| 310 | |aAnnuel |
| 362 | 1 |a2000-- |
| 691 | 07|aPolluant|2gcpds |
| 775 | 08|tSupplementary guide for reporting to the National Pollutant Release Inventory, alternate thresholds |w(CaOODSP)9.506885 |